Những năm tháng bên Bác (chiến sĩ cảnh vệ kể về Bác)
Sách tập hợp những câu chuyện cảm động mà các chiến sĩ cảnh vệ kể về Bác trong những tháng năm họ sống bên cạnh và phục vụ Người
Đã lưu trong:
| 格式: | 圖書 |
|---|---|
| 語言: | Undetermined |
| 出版: |
Hà Nội
Quân đội Nhân dân
2005
|
| 主題: | |
| 標簽: |
添加標簽
沒有標簽, 成為第一個標記此記錄!
|
| Thư viện lưu trữ: | Trung tâm Học liệu Trường Đại học Cần Thơ |
|---|
| LEADER | 00802nam a2200205Ia 4500 | ||
|---|---|---|---|
| 001 | CTU_125961 | ||
| 008 | 210402s9999 xx 000 0 und d | ||
| 020 | |c 24500 | ||
| 082 | |a 895.9221 | ||
| 082 | |b Nh556 | ||
| 245 | 0 | |a Những năm tháng bên Bác (chiến sĩ cảnh vệ kể về Bác) | |
| 260 | |a Hà Nội | ||
| 260 | |b Quân đội Nhân dân | ||
| 260 | |c 2005 | ||
| 520 | |a Sách tập hợp những câu chuyện cảm động mà các chiến sĩ cảnh vệ kể về Bác trong những tháng năm họ sống bên cạnh và phục vụ Người | ||
| 650 | |a Ho Chi Minh | ||
| 650 | |x Vietnamese poetry | ||
| 650 | |y 20th century | ||
| 904 | |i Quang Hiếu | ||
| 980 | |a Trung tâm Học liệu Trường Đại học Cần Thơ | ||